Devine le joueur de foot — Spécial LaLiga - Statistiques

Statistiques générales
  • Ce quiz a été pris 105 fois
  • Le résultat moyen est 9 sur 20
Statistiques - réponses
Par images Réponse % Correct
Lamine Yamal
100%
Arda Güler
90%
Alejandro Balde
86%
Jesús Navas
70%
Iago Aspas
69%
Julián Alvarez
67%
Nicolas Pépé
61%
Gerard Moreno
59%
Wojciech Szczęsny
45%
Alexander Sørloth
43%
Unai Simón
43%
Erik Lamela
39%
Arnau Tenas
36%
Gerard Martín
35%
Roony Bardghji
27%
Pablo Barrios
22%
Cucho Hernández
19%
Abdessamad Ezzalzouli
18%
Logan Costa
9%
Matteo Ruggeri
8%
Aucun quiz correspondant
Distribution des résultats
% des personnes avec chaque résultat
Percentile par nombre de réponses
Votre historique - résultats
Vous n’avez pas pris ce quiz